[Event "CZE Extraliga 2019-20"]
[Site "Czech Republic"]
[Date "2020.01.25"]
[Round "5.8"]
[White "Mojzis, Martin"]
[Black "Vymazal, Bronislav"]
[Result "*"]
[WhiteElo "2002"]
[BlackElo "2347"]
[Annotator "TA"]
[PlyCount "38"]
[EventDate "2019.09.15"]
[EventType "team-tourn"]
[EventCountry "CZE"]
[SourceTitle "playchess.com"]
[Source "ChessBase"]
[SourceQuality "1"]

{[%evp 15,16,19,40]} 1. e4 c5 2. Nf3 e6 3. d4 cxd4 4. Nxd4 Nc6 5. Nc3 Qc7 6. Be3 a6 7. Be2 Nf6 8. O-O b5 {Predecessor:} 9. Nxc6 $146 dxc6 10. f4 b4 11. Na4 c5 12. c3 Rb8 13. cxb4 Rxb4 14. Rc1 Nxe4 15. a3 Rb8 16. Bf3 Bb7 17. Bxe4 Bxe4 18. Bxc5 Rxb2 19. Nxb2 Bxc5+ {½-½ (50) Tan,Z (2530)-Dzagnidze,N (2519) Wenzhou 2018} *

[Event "CZE Extraliga 2019-20"]
[Site "Czech Republic"]
[Date "2020.01.26"]
[Round "6"]
[White "Markowski, Tomasz"]
[Black "Miesbauer, Jan"]
[Result "1/2-1/2"]
[WhiteElo "2554"]
[BlackElo "2397"]
[Annotator "ChessBase"]
[PlyCount "120"]
[EventDate "2019.09.15"]
[EventType "team-tourn"]
[EventCountry "CZE"]
[SourceTitle "playchess.com"]
[Source "ChessBase"]
[SourceQuality "1"]
[TimeControl "40/5400+30:1800+30"]

1. g3 {[%emt 0:00:06]} g6 {[%emt 0:00:07]} 2. Bg2 {[%emt 0:00:04]} Bg7 {[%emt 0:00:06]} 3. c4 {[%emt 0:00:03]} Nf6 {[%emt 0:01:47]} 4. Nc3 {[%emt 0:00:04]} O-O {[%emt 0:00:25]} 5. d3 {[%emt 0:00:02]} c6 {[%emt 0:01:27]} 6. e4 {[%emt 0:00:05]} e5 {[%emt 0:00:21]} 7. Nge2 {[%emt 0:00:05]} a6 {[%emt 0:08:10]} 8. O-O {[%emt 0:00:24]} b5 {[%emt 0:00:38]} 9. h3 {[%emt 0:01:31]} d6 {[%emt 0:09:35]} 10. Be3 {[%emt 0:01:31]} Nbd7 {[%emt 0:01:01]} 11. a3 {[%emt 0:01:22]} Bb7 {[%emt 0:01:50]} 12. Qc2 {[%emt 0:01:30]} Re8 {[%emt 0:00:30]} 13. Rad1 {[%emt 0:02:25]} Rc8 {[%emt 0:01:26]} 14. Qb1 {[%emt 0:01:03]} h5 {[%emt 0:13:08]} 15. b4 {[%emt 0:02:33]} Nf8 {[%emt 0:08:12]} 16. Qa2 {[%emt 0:01:10]} h4 {[%emt 0:01:54]} 17. g4 {[%emt 0:00:57]} Ne6 {[%emt 0:00:24]} 18. d4 {[%emt 0:07:33]} exd4 {[%emt 0:01:49]} 19. Nxd4 {[%emt 0:00:10]} Qe7 {[%emt 0:02:10]} 20. Nde2 {[%emt 0:03:47]} Nd7 {[%emt 0:04:27]} 21. a4 {[%emt 0:04:27]} bxc4 {[%emt 0:01:30]} 22. Qxc4 {[%emt 0:00:28]} Ne5 {[%emt 0:00:52]} 23. Qb3 {[%emt 0:01:09]} g5 {[%emt 0:00:54]} 24. f4 {[%emt 0:03:41]} gxf4 {[%emt 0:00:07]} 25. Nxf4 {[%emt 0:00:07]} Nxf4 {[%emt 0:00:12]} 26. Bxf4 {[%emt 0:00:09]} Rcd8 {[%emt 0:00:43]} 27. Be3 {[%emt 0:02:12]} Bc8 {[%emt 0:04:02]} 28. Ne2 {[%emt 0:05:06]} Be6 {[%emt 0:01:21]} 29. Qc2 {[%emt 0:01:50]} Rb8 {[%emt 0:02:33]} 30. Nd4 {[%emt 0:00:59]} c5 {[%emt 0:04:38]} 31. bxc5 {[%emt 0:01:29]} Nc4 {[%emt 0:02:39]} 32. Bf2 {[%emt 0:06:44]} Rb2 {[%emt 0:04:53]} 33. Qc1 {[%emt 0:05:15]} dxc5 {[%emt 0:02:28]} 34. Nxe6 {[%emt 0:01:29]} Qxe6 {[%emt 0:00:06]} 35. Rd5 {[%emt 0:02:10]} Ne5 {[%emt 0:07:34]} 36. Qxc5 {[%emt 0:00:21]} Rc8 {[%emt 0:00:58]} 37. Qe3 {[%emt 0:02:34]} Rcc2 {[%emt 0:02:19]} 38. Qg5 {[%emt 0:01:23]} Qf6 {[%emt 0:01:16]} 39. Qf5 {[%emt 0:04:20]} Nc4 {[%emt 0:06:15]} 40. Qc8+ {[%emt 0:06:06]} Bf8 {[%emt 0:01:34]} 41. Rd8 {[%emt 0:43:09]} Rxf2 {[%emt 0:12:25]} 42. Rxf8+ {[%emt 0:00:00]} Kh7 {[%emt 0:00:07]} 43. Rh8+ {[%emt 0:00:00]} Qxh8 {[%emt 0:00:07]} 44. Qxh8+ {[%emt 0:00:00]} Kxh8 {[%emt 0:00:06]} 45. Rxf2 {[%emt 0:00:00]} Rxf2 {[%emt 0:02:18]} 46. Kxf2 {[%emt 0:00:00]} Nb6 {[%emt 0:04:32]} 47. a5 {[%emt 0:00:00]} Nc4 {[%emt 0:00:05]} 48. e5 {[%emt 0:00:00]} Kg7 {[%emt 0:00:13]} 49. Bd5 {[%emt 0:00:00]} Nxe5 {[%emt 0:00:12]} 50. Ke3 {[%emt 0:00:00]} Kg6 {[%emt 0:07:23]} 51. Kd4 {[%emt 0:00:00]} Kf6 {[%emt 0:00:11]} 52. Bb7 {[%emt 0:00:00]} Ke6 {[%emt 0:00:42]} 53. Kc5 {[%emt 0:00:00]} Nd7+ {[%emt 0:03:15]} 54. Kc6 {[%emt 0:00:00]} Ne5+ {[%emt 0:00:05]} 55. Kb6 {[%emt 0:00:00]} Nc4+ {[%emt 0:00:55]} 56. Kxa6 {[%emt 0:00:00]} f6 {[%emt 0:02:45]} 57. Kb5 {[%emt 0:00:00]} Nxa5 {[%emt 0:01:27]} 58. Kxa5 {[%emt 0:00:00]} Ke5 {[%emt 0:00:10]} 59. Kb5 {[%emt 0:00:00]} f5 {[%emt 0:03:09]} 60. Bg2 {[%emt 0:00:00]} Kf4 {[%emt 0:00:20]} 1/2-1/2

[Event "CZE Extraliga 2019-20"]
[Site "Czech Republic"]
[Date "2020.01.26"]
[Round "6"]
[White "Cvek, Robert"]
[Black "Sergeev, Vladimir"]
[Result "1/2-1/2"]
[WhiteElo "2517"]
[BlackElo "2399"]
[Annotator "ChessBase"]
[PlyCount "94"]
[EventDate "2019.09.15"]
[EventType "team-tourn"]
[EventCountry "CZE"]
[SourceTitle "playchess.com"]
[Source "ChessBase"]
[SourceQuality "1"]
[TimeControl "40/5400+30:1800+30"]

1. Nf3 {[%emt 0:00:00]} Nf6 {[%emt 0:00:00]} 2. c4 {[%emt 0:00:04]} c5 {[%emt 0:00:24]} 3. Nc3 {[%emt 0:00:18]} g6 {[%emt 0:01:29]} 4. g3 {[%emt 0:02:18]} Nc6 {[%emt 0:00:12]} 5. d4 {[%emt 0:00:23]} cxd4 {[%emt 0:00:06]} 6. Nxd4 {[%emt 0:00:04]} d6 {[%emt 0:00:22]} 7. Bg2 {[%emt 0:00:50]} Bd7 {[%emt 0:00:13]} 8. O-O {[%emt 0:00:42]} Bg7 {[%emt 0:00:06]} 9. b3 {[%emt 0:02:06]} O-O {[%emt 0:00:28]} 10. Bb2 {[%emt 0:00:09]} Qa5 {[%emt 0:02:09]} 11. e3 {[%emt 0:04:16]} Rfc8 {[%emt 0:00:31]} 12. Qd2 {[%emt 0:08:39]} a6 {[%emt 0:01:43]} 13. Rfd1 {[%emt 0:05:36]} Rab8 {[%emt 0:00:31]} 14. Nd5 {[%emt 0:12:26]} Qxd2 {[%emt 0:01:32]} 15. Nxf6+ {[%emt 0:00:26]} Bxf6 {[%emt 0:00:16]} 16. Rxd2 {[%emt 0:00:03]} Nxd4 {[%emt 0:01:01]} 17. Bxd4 {[%emt 0:00:05]} Bxd4 {[%emt 0:00:18]} 18. exd4 {[%emt 0:00:04]} Bf5 {[%emt 0:12:53]} 19. Rc1 {[%emt 0:03:29]} Rc7 {[%emt 0:01:27]} 20. b4 {[%emt 0:03:38]} b6 {[%emt 0:00:29]} 21. h3 {[%emt 0:07:14]} Rbc8 {[%emt 0:11:20]} 22. Bf1 {[%emt 0:02:31]} h5 {[%emt 0:07:38]} 23. f3 {[%emt 0:04:54]} g5 {[%emt 0:06:21]} 24. g4 {[%emt 0:05:33]} hxg4 {[%emt 0:01:17]} 25. hxg4 {[%emt 0:00:03]} Bg6 {[%emt 0:02:19]} 26. Rc3 {[%emt 0:02:32]} Kg7 {[%emt 0:05:16]} 27. Rd1 {[%emt 0:04:56]} f6 {[%emt 0:10:59]} 28. Rdc1 {[%emt 0:01:29]} a5 {[%emt 0:17:39]} 29. bxa5 {[%emt 0:08:50]} bxa5 {[%emt 0:00:10]} 30. c5 {[%emt 0:00:13]} dxc5 {[%emt 0:05:10]} 31. Rxc5 {[%emt 0:01:19]} Rxc5 {[%emt 0:00:13]} 32. dxc5 {[%emt 0:00:55]} Be8 {[%emt 0:01:11]} 33. Bd3 {[%emt 0:04:41]} Bc6 {[%emt 0:02:02]} 34. Kf2 {[%emt 0:00:33]} Bd5 {[%emt 0:05:28]} 35. a4 {[%emt 0:04:19]} Kf7 {[%emt 0:00:16]} 36. Ke3 {[%emt 0:00:46]} Rc7 {[%emt 0:02:24]} 37. Be4 {[%emt 0:03:53]} Bb3 {[%emt 0:00:07]} 38. Kd4 {[%emt 0:00:38]} e5+ {[%emt 0:00:27]} 39. Ke3 {[%emt 0:01:19]} Ke6 {[%emt 0:00:29]} 40. Rb1 {[%emt 0:02:23]} Bxa4 {[%emt 0:02:24]} 41. Ra1 {[%emt 0:34:12]} Bb5 {[%emt 0:30:09]} 42. Rxa5 {[%emt 0:00:19]} Rxc5 {[%emt 0:00:13]} 43. Bd3 {[%emt 0:01:01]} Bxd3 {[%emt 0:00:10]} 44. Rxc5 {[%emt 0:00:04]} Bg6 {[%emt 0:00:08]} 45. Rc6+ {[%emt 0:00:30]} Ke7 {[%emt 0:00:10]} 46. Rc7+ {[%emt 0:01:45]} Ke6 {[%emt 0:00:10]} 47. Rc6+ {[%emt 0:00:22]} Ke7 {[%emt 0:00:05] Ke4} 1/2-1/2

[Event "CZE Extraliga 2019-20"]
[Site "Czech Republic"]
[Date "2020.01.26"]
[Round "6"]
[White "POR6 Cvek Robert GM"]
[Black "DPP7 Sergeev Vladimir GM"]
[Result "1/2-1/2"]
[WhiteElo "2517"]
[BlackElo "2399"]
[Annotator "TA"]
[PlyCount "94"]
[EventDate "2019.09.15"]
[EventType "team-tourn"]
[EventCountry "CZE"]
[SourceTitle "playchess.com"]
[Source "ChessBase"]
[SourceQuality "1"]

{[%evp 21,94,1,14,11,15,20,20,0,0,0,0,0,4,4,9,15,28,5,11,8,8,0,0,0,0,0,23,17,13,17,16,14,13,0,6,0,0,0,0,0,0,0,0,0,0,0,0,0,27,0,0,0,14,24,36,0,0,0,0,0,0,0,59,59,59,59,59,59,59,59,59,59,59,0,59]} 1. Nf3 Nf6 2. c4 c5 3. Nc3 g6 4. g3 Nc6 5. d4 cxd4 6. Nxd4 d6 7. Bg2 Bd7 8. O-O Bg7 9. b3 O-O 10. Bb2 Qa5 11. e3 Rfc8 $1 {11...Rfc8 scores better than 11...Rac8.} 12. Qd2 {E60: King's Indian: Unusual lines and Fianchetto Variation without Nc3.} a6 13. Rfd1 Rab8 14. Nd5 {[#] Nxc6 is the strong threat.} (14. Rac1 {is more complex.} b5 15. cxb5 Nxd4 16. Qxd4 axb5 17. Nd5) 14... Qxd2 15. Nxf6+ Bxf6 16. Rxd2 {White wants to play Nxc6.} Nxd4 17. Bxd4 Bxd4 18. exd4 Bf5 19. Rc1 Rc7 20. b4 b6 21. h3 Rbc8 22. Bf1 h5 23. f3 g5 24. g4 hxg4 25. hxg4 Bg6 26. Rc3 Kg7 27. Rd1 f6 28. Rdc1 a5 29. bxa5 bxa5 30. c5 dxc5 31. Rxc5 Rxc5 32. dxc5 $11 {[%mdl 4096] Endgame KRB-KRB} Be8 33. Bd3 Bc6 34. Kf2 Bd5 35. a4 Kf7 36. Ke3 Rc7 37. Be4 Bb3 38. Kd4 {[#] Hoping for c6.} (38. Rb1 $5 {[%cal Rb1b3]} Bxa4 39. Kd4 $11) 38... e5+ 39. Ke3 Ke6 40. Rb1 Bxa4 41. Ra1 Bb5 (41... Bb3 $11 42. Rxa5 Ke7) 42. Rxa5 $14 Rxc5 {White should prevent ...Kd6.} 43. Bd3 Bxd3 44. Rxc5 Bg6 45. Rc6+ Ke7 46. Rc7+ Ke6 47. Rc6+ Ke7 {Accuracy: White = 92%, Black = 92%.} 1/2-1/2

[Event "CZE Extraliga 2019-20"]
[Site "Czech Republic"]
[Date "2020.01.26"]
[Round "6"]
[White "DPP5 Frolov Artur IM"]
[Black "POR5 Jakubowski Krzysztof GM"]
[Result "1-0"]
[WhiteElo "2425"]
[BlackElo "2509"]
[Annotator "ChessBase"]
[PlyCount "43"]
[EventDate "2019.09.15"]
[EventType "team-tourn"]
[EventCountry "CZE"]
[SourceTitle "playchess.com"]
[Source "ChessBase"]
[SourceQuality "1"]
[TimeControl "40/5400+30:1800+30"]

1. e4 {[%emt 0:00:00]} c5 {[%emt 0:00:00]} 2. Nf3 {[%emt 0:00:00]} d6 {[%emt 0:00:00]} 3. d4 {[%emt 0:00:06]} cxd4 {[%emt 0:00:00]} 4. Nxd4 {[%emt 0:00:03]} Nf6 {[%emt 0:00:05]} 5. Nc3 {[%emt 0:00:04]} a6 {[%emt 0:00:09]} 6. Bg5 {[%emt 0:00:30]} e6 {[%emt 0:00:18]} 7. Qe2 {[%emt 0:03:43]} b5 {[%emt 0:02:01]} 8. O-O-O {[%emt 0:04:29]} Qc7 {[%emt 0:02:23]} 9. f4 {[%emt 0:10:51]} b4 {[%emt 0:01:48]} 10. Nd5 {[%emt 0:01:21]} exd5 {[%emt 0:00:31]} 11. exd5+ {[%emt 0:00:14]} Be7 {[%emt 0:01:03]} 12. Bxf6 {[%emt 0:02:33]} gxf6 {[%emt 0:00:07]} 13. Qh5 {[%emt 0:03:59]} f5 {[%emt 0:13:27]} 14. Bd3 {[%emt 0:14:27]} Bf6 {[%emt 0:23:47]} 15. Rhe1+ {[%emt 0:06:52]} Kd8 {[%emt 0:00:23]} 16. Bxf5 {[%emt 0:00:57]} Ra7 {[%emt 0:01:34]} 17. Qh6 {[%emt 0:20:32]} Be7 {[%emt 0:01:22]} 18. Qg7 {[%emt 0:01:37]} Rf8 {[%emt 0:00:16]} 19. Bxc8 {[%emt 0:01:25]} Qc4 {[%emt 0:07:42]} 20. Rxe7 {[%emt 0:01:26]} Rxe7 {[%emt 0:00:07]} 21. Qxf8+ {[%emt 0:00:12]} Re8 {[%emt 0:00:04]} 22. Qxf7 {[%emt 0:00:42]} 1-0

[Event "CZE Extraliga 2019-20"]
[Site "Czech Republic"]
[Date "2020.01.26"]
[Round "6"]
[White "Kanovsky, David"]
[Black "Hausner, Ivan"]
[Result "1/2-1/2"]
[WhiteElo "2424"]
[BlackElo "2382"]
[Annotator "NA"]
[PlyCount "99"]
[EventDate "2019.09.15"]
[EventType "team-tourn"]
[EventCountry "CZE"]
[SourceTitle "playchess.com"]
[Source "ChessBase"]
[SourceQuality "1"]
[TimeControl "40/5400+30:1800+30"]

1. e4 {[%emt 0:00:00]} c5 {[%emt 0:00:00]} 2. Nf3 {[%emt 0:00:00]} d6 {[%emt 0:00:00]} 3. d4 {[%emt 0:00:26]} cxd4 {[%emt 0:00:00]} 4. Nxd4 {[%emt 0:00:05]} Nf6 {[%emt 0:00:00]} 5. Nc3 {[%emt 0:00:09]} Nc6 {[%emt 0:00:00]} 6. Bg5 {[%emt 0:01:12]} a6 {[%emt 0:00:00]} 7. Qd2 Bd7 {[%emt 0:00:00]} 8. O-O-O {[%emt 0:02:30]} e6 {[%emt 0:00:00]} 9. f3 {[%emt 0:03:43]} Be7 {[%emt 0:00:08]} 10. h4 {[%emt 0:04:24]} h5 {[%emt 0:00:05] B67: Sicilian: Richter-Rauzer: 7...a6 8 0-0-0 Bd7, lines without 9 f4 Be7} 11. Kb1 {[%emt 0:01:16]} Qc7 {[%emt 0:03:21]} 12. Nb3 $146 {[%emt 0:14:35]} ({Predecessor:} 12. f4 b5 13. a3 b4 14. axb4 Nxb4 15. Nb3 Bc6 16. Bd3 O-O 17. Qe2 {0-1 (57) Klein,D (2492)-Bacrot,E (2684) chess.com INT 2019}) 12... Ne5 {[%emt 0:05:21]} 13. Be2 {[%emt 0:07:00]} b5 {[%emt 0:04:33]} 14. f4 {[%emt 0:03:20]} b4 {[%emt 0:03:06]} (14... Nc4 $14 15. Bxc4 bxc4) 15. fxe5 {[%emt 0:04:23]} bxc3 {[%emt 0:00:07]} 16. exd6 {[%emt 0:00:26]} cxd2 {[%emt 0:00:09]} 17. dxc7 {[%emt 0:00:04]} Nxe4 {[%emt 0:07:08] [#]} (17... Bd6 $16 {was called for.}) 18. Bf3 $1 {[%emt 0:00:30]} ({Less strong is} 18. Nxd2 Nf2 $14) 18... f5 {[%emt 0:00:04]} 19. Nxd2 {[%emt 0:10:47]} (19. Bf4 $18) 19... Bxg5 {[%emt 0:05:20]} 20. hxg5 {[%emt 0:02:20]} Bc6 $2 {[%emt 0:04:25]} (20... Rc8 $16) 21. Rhe1 {[%emt 0:13:13]} Nxd2+ {[%emt 0:13:18]} 22. Rxd2 {[%emt 0:00:06]} Bxf3 {[%emt 0:00:04]} 23. gxf3 {[%emt 0:00:31]} Kf7 {[%emt 0:00:28]} 24. f4 {[%emt 0:13:47]} h4 {[%emt 0:02:15]} 25. b3 {[%emt 0:06:04]} h3 {[%emt 0:03:44]} 26. Red1 {[%emt 0:01:08]} h2 {[%emt 0:01:05]} 27. Rh1 {[%emt 0:00:48]} Rac8 {[%emt 0:00:37]} 28. Rhxh2 {[%emt 0:04:49]} Rxh2 {[%emt 0:00:07]} 29. Rxh2 {[%emt 0:00:01]} Rxc7 {[%emt 0:00:02]} 30. Rd2 $14 {[%emt 0:01:25]} (30. c4 $16) 30... Kg6 {[%emt 0:09:23]} 31. Rd6 {[%emt 0:04:19]} Kh5 {[%emt 0:00:06]} 32. Rxa6 {[%emt 0:00:59]} e5 {[%emt 0:01:23]} 33. fxe5 {[%emt 0:00:18]} f4 {[%emt 0:00:09]} 34. Kc1 {[%emt 0:01:40]} f3 {[%emt 0:00:07]} 35. Ra8 {[%emt 0:00:40]} Rf7 {[%emt 0:01:01]} 36. e6 {[%emt 0:00:01]} f2 {[%emt 0:00:24]} 37. exf7 {[%emt 0:00:11]} f1=Q+ {[%emt 0:00:08]} 38. Kb2 {[%emt 0:00:03]} Qxf7 {[%emt 0:00:09]} 39. Ra5 {[%emt 0:00:06]} Qf2 {[%emt 0:01:32]} 40. b4 {[%emt 0:01:39]} Qd4+ {[%emt 0:01:57]} 41. Kb3 {[%emt 0:01:41]} Qa1 {[%emt 0:00:50]} 42. Rc5 {[%emt 0:10:20]} Qb1+ {[%emt 0:00:46]} 43. Ka4 {[%emt 0:01:31]} Qxa2+ {[%emt 0:00:14]} 44. Kb5 {[%emt 0:00:01]} Qa7 {[%emt 0:02:35]} 45. c4 {[%emt 0:00:29]} Qb7+ {[%emt 0:01:03]} 46. Ka4 {[%emt 0:00:07]} Qa8+ {[%emt 0:01:19]} 47. Kb3 {[%emt 0:00:40]} Qf3+ {[%emt 0:00:07]} 48. Ka4 {[%emt 0:00:27]} Qa8+ {[%emt 0:00:07]} 49. Kb3 {[%emt 0:00:20]} Qf3+ {[%emt 0:00:06]} 50. Ka4 {[%emt 0:00:04]} 1/2-1/2

[Event "CZE Extraliga 2019-20"]
[Site "Czech Republic"]
[Date "2020.01.26"]
[Round "6"]
[White "Pulpan, Jakub"]
[Black "Kempinski, Robert"]
[Result "0-1"]
[WhiteElo "2402"]
[BlackElo "2579"]
[Annotator "TA"]
[PlyCount "94"]
[EventDate "2019.09.15"]
[EventType "team-tourn"]
[EventCountry "CZE"]
[SourceTitle "playchess.com"]
[Source "ChessBase"]
[SourceQuality "1"]

{[%evp 11,94,-4,10,-4,22,26,42,17,14,16,19,13,18,-4,-8,-12,-13,-17,0,-16,-16,-16,-16,-13,0,-14,-10,-12,-12,-13,-13,-33,-13,-14,-18,-56,-56,-59,-55,-80,-71,-71,-54,-75,-74,-72,-80,-76,-83,-101,-101,-104,-98,-101,-102,-108,-102,-176,-104,-97,-97,-106,-70,-70,-8,-85,-68,-71,-8,-190,-190,-190,-108,-190,-176,-275,-248,-366,-286,-6520,-2417,-1409,-1829,-10799,-5875]} 1. Nf3 Nf6 2. g3 d5 3. Bg2 c5 4. O-O e6 5. b3 Be7 6. Bb2 Nc6 7. d4 {A06: Réti Opening: 1 Nf3 d5.} cxd4 8. Nxd4 Bd7 9. Nd2 {[%cal Bb1d2,Bd2f3,Bf3e5][%mdl 32] White is slightly better.} Nxd4 10. Bxd4 O-O 11. e4 Bc6 {[%cal Rf6e4] [#]} 12. exd5 $146 (12. e5 $5 {[%cal Re5f6]} Nd7 13. f4 $11) ({Predecessor:} 12. e5 Nd7 13. c3 Bc5 14. Nf3 Bxd4 15. cxd4 Bb5 16. Re1 Rc8 17. Qd2 a5 18. h4 {1-0 (33) Faibisovich,V (2325)-Schwander,L (2135) Basel 2018}) 12... Bxd5 13. Nf3 b5 14. c3 Qc7 15. Qe2 Qb7 16. c4 bxc4 17. bxc4 Qa6 18. Ne5 Bxg2 19. Kxg2 Rac8 20. Rac1 Rfd8 21. Rfd1 Nd7 22. Nf3 Nb6 {[%cal Rb6c4]} 23. Bxb6 axb6 24. Rxd8+ Bxd8 25. Qd1 Bf6 26. Qb3 h6 27. h4 Rc5 28. Rb1 Rxc4 29. Qxb6 Qxa2 30. Qb3 Qxb3 31. Rxb3 $17 {[%mdl 4096] Endgame KRB-KRN} g6 32. Re3 Rc2 33. Kf1 Be7 34. Re2 {[#]} (34. Ne5 $17) 34... Rc3 (34... Rxe2 $1 $19 35. Kxe2 f6) 35. Kg2 Kg7 36. Rd2 Kf6 37. Rd7 Rc2 ({Black should play} 37... Rc4 $15) 38. Ne5 (38. g4 $1 $11 Bc5 39. g5+ Kg7 40. gxh6+ Kxh6 41. Rxf7 Bxf2 42. Kh3) 38... h5 39. Nf3 Bc5 (39... Rc8 $17) 40. Rd2 $2 (40. Ng5 $1 $11) 40... Rxd2 $19 41. Nxd2 {[#] Black must now prevent Ne4+. KB-KN} Ke5 ({Black should try} 41... Bb4 $19 42. Nf3 e5) 42. Kf1 (42. f4+ $17 {was called for.} Kd5 43. Kf3) 42... Bb4 43. Nc4+ (43. Nb3 $142) 43... Kd4 44. Ne3 (44. Nb2 {was necessary.}) 44... Kd3 45. Ng2 $2 (45. Nd1) 45... Bd2 {Black is clearly winning.} 46. f3 e5 47. g4 e4 {Accuracy: White = 55%, Black = 77%.} 0-1

[Event "CZE Extraliga 2019-20"]
[Site "Czech Republic"]
[Date "2020.01.26"]
[Round "6"]
[White "Kourousis, Epaminondas"]
[Black "Bures, Jaroslav"]
[Result "1/2-1/2"]
[WhiteElo "2389"]
[BlackElo "2388"]
[Annotator "NA"]
[PlyCount "140"]
[EventDate "2019.09.15"]
[EventType "team-tourn"]
[EventCountry "CZE"]
[SourceTitle "playchess.com"]
[Source "ChessBase"]
[SourceQuality "1"]
[TimeControl "40/5400+30:1800+30"]

1. Nf3 {[%emt 0:00:00]} d5 {[%emt 0:00:00]} 2. g3 {[%emt 0:00:00]} g6 {[%emt 0:00:00]} 3. Bg2 {[%emt 0:00:03]} Bg7 {[%emt 0:00:00]} 4. c4 {[%emt 0:01:02]} dxc4 {[%emt 0:02:29]} 5. Na3 {[%emt 0:08:59]} Be6 {[%emt 0:06:13]} 6. Qc2 {[%emt 0:22:51]} Nc6 {[%emt 0:05:25]} 7. Nxc4 {[%emt 0:00:43]} Nh6 {[%emt 0:05:59]} 8. O-O {[%emt 0:04:01]} O-O {[%emt 0:00:30]} 9. Ne3 {[%emt 0:05:39]} Qd7 {[%emt 0:10:44]} 10. Ng5 {[%emt 0:08:49]} Nd4 $11 {[%emt 0:00:05]} 11. Qd3 {[%emt 0:06:50]} Rfd8 {[%emt 0:10:05]} 12. Re1 {[%emt 0:09:12]} Qa4 {[%emt 0:14:02]} 13. Nxe6 {[%emt 0:01:45]} fxe6 {[%emt 0:10:28]} 14. Qb1 {[%emt 0:07:15]} Nhf5 {[%emt 0:02:49]} 15. d3 {[%emt 0:01:04]} Qb4 {[%emt 0:03:57]} 16. Kf1 {[%emt 0:00:47]} Nxe3+ {[%emt 0:00:33]} 17. Bxe3 {[%emt 0:00:09]} Nf5 {[%emt 0:00:02]} 18. Bc1 {[%emt 0:03:27]} c5 {[%emt 0:15:41]} 19. a3 {[%emt 0:00:48]} Qb6 {[%emt 0:02:10]} 20. Qa2 {[%emt 0:09:38]} Nd4 {[%emt 0:01:06]} 21. Rb1 {[%emt 0:03:16]} Nb3 {[%emt 0:01:22]} 22. Bf4 {[%emt 0:02:42]} Rd4 {[%emt 0:03:37]} 23. Be3 {[%emt 0:00:38]} Ra4 {[%emt 0:00:31]} 24. Rbd1 {[%emt 0:01:14]} Rd8 {[%emt 0:01:13]} 25. Qb1 {[%emt 0:00:41]} Ra5 {[%emt 0:00:33]} 26. Qc2 {[%emt 0:00:33]} Rb5 {[%emt 0:00:02]} 27. Kg1 {[%emt 0:00:37]} Nd4 {[%emt 0:01:28]} 28. Bxd4 {[%emt 0:00:17]} Bxd4 {[%emt 0:00:03]} 29. Rb1 {[%emt 0:00:55]} Bxb2 {[%emt 0:01:03]} 30. e3 {[%emt 0:00:33]} Bxa3 {[%emt 0:01:29]} 31. Rxb5 Qxb5 32. Qa2 {[%emt 0:00:30]} Qxd3 {[%emt 0:00:59]} 33. Qxe6+ {[%emt 0:00:44]} Kf8 {[%emt 0:00:05]} 34. Bxb7 {[%emt 0:00:35]} Bb4 {[%emt 0:00:23]} 35. Rc1 {[%emt 0:00:26]} Qf5 {[%emt 0:00:37]} 36. Qxf5+ {[%emt 0:00:46]} gxf5 {[%emt 0:00:02]} 37. Ba6 {[%emt 0:00:21]} e6 {[%emt 0:00:42]} 38. Rc2 {[%emt 0:00:36]} Ke7 {[%emt 0:00:20]} 39. Kf1 {[%emt 0:00:31]} Rd1+ {[%emt 0:00:23]} 40. Ke2 {[%emt 0:00:03]} Ra1 {[%emt 0:00:06]} 41. Bc4 {[%emt 0:30:41]} a5 {[%emt 0:30:18]} 42. f4 {[%emt 0:00:00]} a4 {[%emt 0:00:00]} 43. Kf3 {[%emt 0:00:00]} a3 {[%emt 0:00:00]} 44. e4 {[%emt 0:00:00]} fxe4+ {[%emt 0:00:00]} 45. Kxe4 {[%emt 0:00:00]} Rd1 {[%emt 0:00:00]} 46. Kf3 {[%emt 0:00:00]} Rd4 {[%emt 0:00:00]} 47. Ba2 {[%emt 0:00:00]} Kd6 {[%emt 0:00:00]} 48. Ke3 {[%emt 0:00:00]} Ba5 {[%emt 0:00:00]} 49. Ke2 {[%emt 0:00:00]} h6 {[%emt 0:01:32]} 50. Ke3 {[%emt 0:00:00]} Rd1 {[%emt 0:00:56]} 51. Kf3 {[%emt 0:00:00]} Rd3+ {[%emt 0:01:28]} 52. Ke2 {[%emt 0:00:00]} Rd4 {[%emt 0:00:12]} 53. Ke3 {[%emt 0:00:00]} Bb4 {[%emt 0:00:21]} 54. Ke2 {[%emt 0:00:00]} e5 {[%emt 0:00:10]} 55. fxe5+ {[%emt 0:00:00]} Kxe5 {[%emt 0:00:02]} 56. Ke3 {[%emt 0:03:38]} Rd1 {[%emt 0:00:04]} 57. Re2 {[%emt 0:00:37]} Bc3 {[%emt 0:01:37]} 58. Bb3 {[%emt 0:01:00]} Rd6 {[%emt 0:00:59]} 59. Kf3+ {[%emt 0:00:54]} Kf6 {[%emt 0:00:06]} 60. Ba2 {[%emt 0:00:51]} Bd2 {[%emt 0:01:12]} 61. Re4 {[%emt 0:01:05]} Rb6 {[%emt 0:01:21]} 62. Ra4 {[%emt 0:00:47]} Bb4 {[%emt 0:00:16]} 63. Ke4 {[%emt 0:00:23]} Rd6 {[%emt 0:00:02]} 64. Bd5 {[%emt 0:00:01]} Kg5 {[%emt 0:00:44]} 65. h3 {[%emt 0:01:03]} Kf6 {[%emt 0:01:57]} 66. Ra7 {[%emt 0:00:12]} Rd8 {[%emt 0:00:30]} 67. Ra6+ {[%emt 0:01:18]} Kg7 {[%emt 0:00:29]} 68. Ra7+ {[%emt 0:00:53]} Kf6 {[%emt 0:00:31]} 69. Ra6+ {[%emt 0:00:05]} Kg7 {[%emt 0:00:14]} 70. Ra7+ {[%emt 0:00:03]} Kf6 {[%emt 0:00:29]} 1/2-1/2

[Event "CZE Extraliga 2019-20"]
[Site "Czech Republic"]
[Date "2020.01.26"]
[Round "6"]
[White "Caletka, Radomir"]
[Black "Kulhanek, Tomas"]
[Result "1/2-1/2"]
[WhiteElo "2305"]
[BlackElo "2343"]
[Annotator "NA"]
[PlyCount "28"]
[EventDate "2019.09.15"]
[EventType "team-tourn"]
[EventCountry "CZE"]
[SourceTitle "playchess.com"]
[Source "ChessBase"]
[SourceQuality "1"]
[TimeControl "40/5400+30:1800+30"]

1. d4 Nf6 2. Nf3 e6 3. g3 b5 4. Bg2 d5 5. O-O c5 6. a4 b4 7. c4 bxc3 8. bxc3 Ba6 9. Ne5 Nbd7 10. Re1 $11 Bd6 11. Nxd7 Qxd7 12. Ba3 cxd4 13. cxd4 O-O 14. Nd2 Bxa3 1/2-1/2